000 00429nam a22001697a 4500
003 OSt
008 260416b |||||||| |||| 00| 0 eng d
082 _a581.2184
_bS15D
100 _aKumar, Sanjeev
245 _aDeterioration in Sugarcane Due to Wilt Disease
260 _aPusa, Samastipur
_bRAU, Samastipur
_c2003
300 _a46P.
502 _bMsc.
_d2003
650 _aPlant Pathology
650 _aMsc.
942 _2ddc
_cT
999 _c50052
_d50052